| 000 | 00437nam a22001577a 4500 | ||
|---|---|---|---|
| 003 | OSt | ||
| 005 | 20220908191715.0 | ||
| 008 | 220908b |||||||| |||| 00| 0 eng d | ||
| 040 | _cBiblioteca Lado V | ||
| 082 |
_a708 _bV712t |
||
| 110 | _aVilla Vassilieff | ||
| 245 |
_aThe Sophie/ _bLa Rosiere Project/ |
||
| 260 |
_aFrancia _bVilla Vassilieff _c2016 |
||
| 300 |
_a30p. _c13x19cm |
||
| 942 |
_2ddc _c1 _h708 _iV712t _n0 |
||
| 999 |
_c1961 _d1961 |
||